[Event "Budapest Gyorgy Memorial 2nd"]
[Site "Budapest"]
[Date "2017.10.14"]
[Round "5.3"]
[White "Janikova, Katka"]
[Black "Zlotov, Viktor"]
[Result "0-1"]
[WhiteElo "1263"]
[BlackElo "1609"]
[PlyCount "74"]
[EventDate "2017.10.12"]
[EventType "swiss"]
[EventRounds "7"]
[EventCountry "HUN"]
[SourceTitle "EXT 2019"]
[Source "ChessBase"]
[SourceDate "2018.10.10"]
[SourceVersion "1"]
[SourceVersionDate "2018.10.10"]
[SourceQuality "1"]

1. d4 d5 2. c4 e6 3. Nc3 Nf6 4. cxd5 exd5 5. Bg5 Nbd7 6. e3 Be7 7. Bd3 0-0 8. Nge2 c6 9. 0-0 Nb6 10. Qc2 h6 11. Bf4 Nh5 12. Bg3 Nxg3 13. Nxg3 Bd6 14. Rad1 Qg5 15. e4 Bg4 16. Rde1 Be6 17. e5 Bb4 18. a3 Bxc3 19. bxc3 f5 20. exf6 Qxf6 21. Nh5 Qf7 22. Bg6 Qd7 23. Ng3 Nc4 24. a4 Bf7 25. Bf5 Qd8 26. Re2 Re8 27. Rfe1 Qg5 28. h3 a6 29. Be6 Bxe6 30. Rxe6 Rxe6 31. Rxe6 Rf8 32. Rg6 Qe7 33. Nf5 Qe1+ 34. Kh2 Nd2 35. Rxg7+ Kh8 36. Rg6 Nf1+ 37. Kh1 Ne3+ 0-1

[Event "Budapest Gyorgy Memorial 2nd"]
[Site "Budapest"]
[Date "2017.10.13"]
[Round "2.4"]
[White "Janikova, Katka"]
[Black "Kovacs, Reka"]
[Result "0-1"]
[WhiteElo "1263"]
[BlackElo "1255"]
[PlyCount "124"]
[EventDate "2017.10.12"]
[EventType "swiss"]
[EventRounds "7"]
[EventCountry "HUN"]
[SourceTitle "EXT 2019"]
[Source "ChessBase"]
[SourceDate "2018.10.10"]
[SourceVersion "1"]
[SourceVersionDate "2018.10.10"]
[SourceQuality "1"]

1. d4 Nf6 2. c4 e6 3. Nc3 Bb4 4. Bd2 b6 5. e3 Bb7 6. Nf3 0-0 7. Bd3 d6 8. a3 Bxc3 9. Bxc3 Nbd7 10. 0-0 c5 11. Re1 Ne4 12. Qc2 f5 13. Rad1 Qf6 14. Qa4 Nxc3 15. bxc3 Qg6 16. d5 Nf6 17. Qc2 Ne4 18. Nd2 Nxd2 19. Rxd2 exd5 20. cxd5 Bxd5 21. e4 fxe4 22. Bxe4 Bxe4 23. Rxe4 Kh8 24. h3 Rad8 25. Re7 Qxc2 26. Rxc2 a5 27. Rb7 Rb8 28. Rd7 Rfd8 29. Re7 Kg8 30. Rd2 Rbc8 31. Re6 Rc6 32. f4 b5 33. Rb2 Rb6 34. Re1 b4 35. axb4 axb4 36. cxb4 Rxb4 37. Rxb4 cxb4 38. Rb1 Rb8 39. Kf2 Kf7 40. Ke3 Ke6 41. Kd4 d5 42. g4 h6 43. h4 g6 44. Kd3 Kf6 45. Kd4 Rb5 46. Ra1 h5 47. Ra6+ Kf7 48. g5 b3 49. Ra1 b2 50. Rb1 Ke6 51. Ke3 Kf5 52. Kf3 Rb3+ 53. Kf2 Kxf4 54. Kg2 d4 55. Kf2 d3 56. Kf1 d2 57. Ke2 Kg4 58. Kxd2 Kxh4 59. Ke2 Kxg5 60. Kf2 Kf4 61. Kg2 h4 62. Kh2 g5 0-1

[Event "Budapest Gyorgy Memorial 2nd"]
[Site "Budapest"]
[Date "2017.10.13"]
[Round "3.5"]
[White "Seregin, Ivan A"]
[Black "Janikova, Katka"]
[Result "0-1"]
[WhiteElo "1119"]
[BlackElo "1263"]
[PlyCount "74"]
[EventDate "2017.10.12"]
[EventType "swiss"]
[EventRounds "7"]
[EventCountry "HUN"]
[SourceTitle "EXT 2019"]
[Source "ChessBase"]
[SourceDate "2018.10.10"]
[SourceVersion "1"]
[SourceVersionDate "2018.10.10"]
[SourceQuality "1"]

1. e4 e5 2. Nf3 Nc6 3. Nc3 Nf6 4. Bc4 Bc5 5. d3 d6 6. h3 0-0 7. Bg5 h6 8. Bh4 Be6 9. Nd5 Bxd5 10. Bxd5 Rb8 11. 0-0 Re8 12. Bxc6 bxc6 13. b3 d5 14. Bxf6 Qxf6 15. exd5 cxd5 16. Re1 e4 17. Rb1 exf3 18. Rxe8+ Rxe8 19. gxf3 Qh4 20. Qf1 Qg3+ 21. Qg2 Qxg2+ 22. Kxg2 Re2 23. Rf1 Rxc2 24. a4 Rb2 25. Rc1 Rxf2+ 26. Kg3 Bd4 27. Rxc7 Rb2 28. Rxa7 Bxa7 29. Kg4 Rxb3 30. h4 Rxd3 31. a5 Ra3 32. h5 d4 33. Kg3 d3 34. Kg2 d2 35. Kf1 d1Q+ 36. Kg2 Qxf3+ 37. Kh2 Ra2# 0-1

[Event "SVK-ch U14 Girls"]
[Site "Liptovsky Mikulas"]
[Date "2017.04.25"]
[Round "5"]
[White "Janikova, Katka"]
[Black "Vozarova, Adriana"]
[Result "0-1"]
[WhiteElo "1420"]
[BlackElo "1670"]
[PlyCount "100"]
[EventDate "2017.04.22"]
[EventType "swiss"]
[EventRounds "9"]
[EventCountry "SVK"]
[SourceTitle "CBM 178 Extra"]
[Source "ChessBase"]
[SourceDate "2017.06.22"]
[SourceVersion "1"]
[SourceVersionDate "2017.06.22"]
[SourceQuality "1"]

1. d4 d5 2. c4 e6 3. Nc3 c6 4. cxd5 exd5 5. Bf4 Nf6 6. e3 Be7 7. Bd3 0-0 8. Nge2 Nh5 9. 0-0 Bg4 10. f3 Nxf4 11. Nxf4 Be6 12. Rc1 Bg5 13. Re1 Bxf4 14. exf4 Qf6 15. Qd2 Qxd4+ 16. Kh1 g6 17. Ne2 Qf6 18. Qb4 b6 19. b3 c5 20. Qd2 Nc6 21. a3 Rac8 22. Ba6 Rc7 23. b4 c4 24. Nc3 Rd8 25. Rcd1 Rcd7 26. Bb5 Bf5 27. Ne2 Bd3 28. Bxc6 Qxc6 29. Nd4 Qf6 30. Qe3 Kf8 31. g3 Re7 32. Qxe7+ Qxe7 33. Rxe7 Kxe7 34. Nc6+ Kd7 35. Nxd8 Kxd8 36. Kg2 d4 37. Kf2 Kc7 38. Ke1 Kc6 39. a4 a6 40. Kd2 a5 41. bxa5 bxa5 42. Kc1 Kc5 43. Kb2 Kb4 44. Ra1 c3+ 45. Kc1 Kb3 46. Kd1 Kb2 47. Rc1 Be2+ 48. Kxe2 Kxc1 49. Kd3 Kb2 50. Kxd4 c2 0-1

[Event "SVK-ch U14 Girls"]
[Site "Liptovsky Mikulas"]
[Date "2017.04.23"]
[Round "3"]
[White "Janikova, Katka"]
[Black "Strakova, Kristina"]
[Result "1-0"]
[WhiteElo "1420"]
[BlackElo "1000"]
[PlyCount "83"]
[EventDate "2017.04.22"]
[EventType "swiss"]
[EventRounds "9"]
[EventCountry "SVK"]
[SourceTitle "CBM 178 Extra"]
[Source "ChessBase"]
[SourceDate "2017.06.22"]
[SourceVersion "1"]
[SourceVersionDate "2017.06.22"]
[SourceQuality "1"]

1. d4 d5 2. c4 c6 3. cxd5 cxd5 4. Nc3 Nc6 5. Nf3 Nf6 6. e3 e6 7. Bd3 Bd6 8. 0-0 0-0 9. Re1 e5 10. dxe5 Nxe5 11. Nxe5 Bxe5 12. Qc2 Bd7 13. e4 d4 14. Nd5 Rc8 15. Qd1 Bg4 16. Nxf6+ Bxf6 17. Qxg4 Ra8 18. e5 Be7 19. Bh6 g6 20. Bxf8 Bxf8 21. Rac1 Qe8 22. Qxd4 Qd8 23. Qxd8 Rxd8 24. Be4 b6 25. Red1 Re8 26. f4 f5 27. Bd5+ Kg7 28. Rc7+ Re7 29. Rxe7+ Bxe7 30. Rc1 Bc5+ 31. Kf1 Be3 32. Rc7+ Kh6 33. g3 b5 34. Bg8 g5 35. fxg5+ Kxg5 36. e6 f4 37. e7 fxg3 38. hxg3 Bb6 39. e8Q Bxc7 40. Qxb5+ Kg6 41. Qd7 Bxg3 42. Qd3+ 1-0

[Event "SVK-ch U14 Girls"]
[Site "Liptovsky Mikulas"]
[Date "2016.04.21"]
[Round "7"]
[White "Janikova, Katka"]
[Black "Dudaskova, Katarina"]
[Result "1-0"]
[WhiteElo "1293"]
[BlackElo "1262"]
[PlyCount "51"]
[EventDate "2016.04.16"]
[EventType "swiss"]
[EventRounds "9"]
[EventCountry "SVK"]
[SourceTitle "CBM 172 Extra"]
[Source "ChessBase"]
[SourceDate "2016.06.21"]
[SourceVersion "1"]
[SourceVersionDate "2016.06.21"]
[SourceQuality "1"]

1. d4 c6 2. c4 Nf6 3. Nc3 e6 4. e3 Bb4 5. Bd3 0-0 6. Nge2 d5 7. a3 dxc4 8. Bxc4 Ba5 9. 0-0 Qc7 10. Bd2 e5 11. Rc1 exd4 12. exd4 Ng4 13. Bf4 Qe7 14. Re1 Bxc3 15. Nxc3 Qf6 16. Qd2 Qg6 17. Bd3 Qh5 18. h3 Nf6 19. Re5 Qh4 20. Bg5 Qxd4 21. Bxh7+ Kxh7 22. Qxd4 Nbd7 23. Qh4+ Kg8 24. Re3 Nc5 25. Bxf6 gxf6 26. Rg3+ 1-0

[Event "SVK-ch U14 Girls"]
[Site "Liptovsky Mikulas"]
[Date "2016.04.20"]
[Round "6"]
[White "Janikova, Katka"]
[Black "Sankova, Stella"]
[Result "0-1"]
[WhiteElo "1293"]
[BlackElo "1785"]
[PlyCount "68"]
[EventDate "2016.04.16"]
[EventType "swiss"]
[EventRounds "9"]
[EventCountry "SVK"]
[SourceTitle "CBM 172 Extra"]
[Source "ChessBase"]
[SourceDate "2016.06.21"]
[SourceVersion "1"]
[SourceVersionDate "2016.06.21"]
[SourceQuality "1"]

1. d4 d5 2. c4 c6 3. Nf3 Nf6 4. Nc3 dxc4 5. e3 b5 6. a4 Qb6 7. b3 Qa5 8. Bd2 b4 9. Ne2 c3 10. Bc1 Ba6 11. g3 Nbd7 12. Bg2 Rc8 13. 0-0 e6 14. Re1 Be7 15. Nf4 0-0 16. e4 Nb6 17. Qc2 Rfd8 18. Be3 c5 19. Rad1 c4 20. bxc4 Bxc4 21. e5 Nfd5 22. Nxd5 Nxd5 23. Ng5 Bxg5 24. Bxg5 Rd7 25. Be4 h6 26. Be3 b3 27. Qc1 Qxa4 28. Bd3 b2 29. Qb1 Bb3 30. Be4 Bxd1 31. Qxd1 Qxd1 32. Rxd1 c2 33. Rf1 Nxe3 34. fxe3 c1Q 0-1

[Event "SVK-ch U14 Girls"]
[Site "Liptovsky Mikulas"]
[Date "2016.04.18"]
[Round "4"]
[White "Tomcikova, Dominika"]
[Black "Janikova, Katka"]
[Result "1-0"]
[WhiteElo "1684"]
[BlackElo "1293"]
[PlyCount "111"]
[EventDate "2016.04.16"]
[EventType "swiss"]
[EventRounds "9"]
[EventCountry "SVK"]
[SourceTitle "CBM 172 Extra"]
[Source "ChessBase"]
[SourceDate "2016.06.21"]
[SourceVersion "1"]
[SourceVersionDate "2016.06.21"]
[SourceQuality "1"]

1. e4 e5 2. Nf3 Nc6 3. Bc4 Bc5 4. c3 Nf6 5. d3 d6 6. b4 Bb6 7. a4 a6 8. h3 0-0 9. 0-0 h6 10. Bb3 Re8 11. Nbd2 Be6 12. Bxe6 Rxe6 13. Nc4 Ba7 14. Re1 Qd7 15. Be3 d5 16. Bxa7 Rxa7 17. exd5 Nxd5 18. Ncxe5 Nxe5 19. Nxe5 Qd6 20. Nc4 Qd7 21. Qd2 Ra8 22. Rxe6 Qxe6 23. Ne3 Nf4 24. Re1 Qd6 25. Nf5 Qd7 26. Qxf4 Qxd3 27. Qg4 Qxc3 28. Re7 Qf6 29. Rxc7 b6 30. Rc6 Qa1+ 31. Kh2 Qe5+ 32. g3 Rb8 33. Nxh6+ Kf8 34. Qf5 Qe8 35. Qxf7+ Qxf7 36. Nxf7 Kxf7 37. a5 bxa5 38. bxa5 Ra8 39. f4 Ke7 40. g4 Ra7 41. Kg3 Kd7 42. Rg6 Kd8 43. h4 Ke8 44. h5 Kf7 45. g5 Ra8 46. f5 Kf8 47. h6 gxh6 48. Rxh6 Kg7 49. Kg4 Kf7 50. Rh7+ Kg8 51. g6 Re8 52. f6 Re4+ 53. Kf5 Rb4 54. f7+ Kf8 55. Rh8+ Kg7 56. f8Q# 1-0

[Event "SVK-ch U12 Girls"]
[Site "Tatralandia"]
[Date "2015.04.20"]
[Round "3"]
[White "Janikova, Katka"]
[Black "Simonova, Stela"]
[Result "0-1"]
[WhiteElo "1041"]
[BlackElo "1156"]
[PlyCount "130"]
[EventDate "2015.04.18"]
[EventType "swiss"]
[EventRounds "9"]
[EventCountry "SVK"]
[SourceTitle "CBM 166 Extra"]
[Source "ChessBase"]
[SourceDate "2015.06.18"]
[SourceVersion "1"]
[SourceVersionDate "2015.06.18"]
[SourceQuality "1"]

1. d4 d5 2. c4 Nc6 3. Nc3 Nf6 4. e3 Bf5 5. Nf3 Nb4 6. Qa4+ Nc6 7. Be2 dxc4 8. Bxc4 Bd7 9. Ng5 Ne5 10. Qb3 Nxc4 11. Qxc4 e6 12. 0-0 Ng4 13. e4 h6 14. Nf3 Be7 15. h3 Nf6 16. Bf4 c6 17. e5 Nh5 18. Bg3 Nxg3 19. fxg3 b5 20. Qe2 b4 21. Nd1 c5 22. Qf2 Rc8 23. Ng5 f6 24. Ne4 cxd4 25. Kh1 f5 26. Rb1 a5 27. g4 d3 28. gxf5 exf5 29. Ne3 g6 30. Rbd1 Be6 31. Nd2 Bc5 32. g3 Bd5+ 33. Kh2 Bxa2 34. Ra1 b3 35. Qf3 Bxe3 36. Qxe3 Rc2 37. Qf4 Rxb2 38. g4 g5 39. Qa4+ Qd7 40. Qxa5 f4 41. e6 Qd6 42. Qa8+ Qd8 43. Qc6+ Kf8 44. Qc5+ Qe7 45. Qf5+ Ke8 46. Qxd3 Rg8 47. Rfc1 Qd8 48. Qb5+ Ke7 49. Qc5+ Kxe6 50. Re1+ Kf7 51. Qf5+ Qf6 52. Qd7+ Kg6 53. Re7 Rxd2+ 54. Qxd2 Qxe7 55. Rc1 Rd8 56. Rc6+ Kf7 57. Qf2 Qb7 58. Rc5 b2 59. Rf5+ Kg6 60. h4 b1Q 61. h5+ Kh7 62. Kh3 Q1h1+ 63. Qh2 Qxh2+ 64. Kxh2 Rd2+ 65. Kh3 Qh1# 0-1